000 00603nam a22002177a 4500
003 OSt
005 20140310181739.0
008 130322t xxu||||| |||| 00| 0 eng d
020 _a185958487X
050 _aBL 530
_b.V991 1997
082 _aTR 129
_bVu97 1997
245 _aImmortality : funerary rites & customs /
_cC. E. Vulliamy
260 _aLondon ;
_bSenate,
_c1997.
_cc1926.
300 _a215 p. :
_c22 cm.
500 _aIncludes bibliography and index.
520 _a1. Immortality 2. Soul
521 _aBasic ed. students
541 _j1
562 _e1
942 _2lcc
_cBK-TR
_kTR
999 _c2711
_d2711